000 00848nam a2200229 i 4500
001 171467
003 ES-MaACL
005 20250829055122.0
008 090518s1962 sp af |||| |bspa d
080 _a910.41
080 _a929 Elcano, Juan Sebastián de
100 1 _aSolá, Víctor María de.
_9140186
245 1 0 _aJuan Sebastián de Elcano
_b: ensayo biográfico /
_cVíctor María Solá ; prólogo... Salvador Moreno Fernández.
260 _a[Bilbao] :
_bCaja de Ahorros Vizcaina,
_c[1962]
300 _a646 p., 22 lám. :
_bil. ;
_c21 cm.
600 1 4 _aElcano, Juan Sebastián de,
_dca. 1476-1526
_9126923
650 1 4 _aViajes alrededor del mundo-
_yS.XVI.
_917781
700 1 _aMoreno Fernández, Salvador.
_9140188
710 2 _aCaja de Ahorros Vizcaína.
_92316
852 _aES-MaACL
_jC-22378
999 _c171467
_d171467